00326pab a2200121 454500008004000000100002400040245006800064260000900132300001300141362000800154650001100162773003100173180718b2013 xxu||||| |||| 00| 0 eng d aBoustan, Leah Platt aLocal public goods and the demand or high-income municipalities c2013 ap.71-82. aJul aIncome aJournal of Urban Economics